|
|
|
|
| LEADER |
00895nam a22002417a 4500 |
| 001 |
AAL1286 |
| 003 |
BD-DhAAL |
| 005 |
20151229201838.0 |
| 008 |
151229m19961993ii a|||| b||| 00| 0 eng d |
| 020 |
|
|
|a 8173590915
|
| 040 |
|
|
|a BD-DhAAL
|c BD-DhAAL
|
| 082 |
|
|
|a 658.5/62
|
| 100 |
|
|
|a Flanagan, Roger
|9 17036
|
| 245 |
|
|
|a Managing for high performance /
|c Roger Flanagan
|
| 260 |
|
|
|a New Delhi :
|b Sterling Publishers,
|c 1993.
|
| 300 |
|
|
|a vi, 153 p. :
|b ill. ;
|c 22 cm.
|
| 490 |
|
|
|a SIT-Management series.
|
| 504 |
|
|
|6 Includes bibliography.
|
| 541 |
|
|
|e 1286
|
| 650 |
|
|
|a Control and quality management.
|9 17037
|
| 942 |
|
|
|2 ddc
|c BK
|
| 999 |
|
|
|c 36465
|d 36465
|
| 952 |
|
|
|0 0
|1 0
|2 ddc
|4 0
|6 658_500000000000000_62_FLA
|7 0
|9 57413
|a SCL
|b SCL
|c GEN
|d 2015-12-29
|g 112.00
|l 1
|m 5
|o 658.562 FLA
|p 3020001286
|r 2018-11-10
|s 2018-09-24
|t 1
|w 2015-12-29
|y BK
|x 'The mentioned price is BDT conversion, actual price was RS95'
|